Statistics for BTS general knowledge quiz

Click here to take the quiz!

General Stats

  • This quiz has been taken 365 times
  • The average score is 19 of 30

Answer Stats

questionAnswer% Correct
which member is fluent in english?rm
98%
what label is bts signed to?big hit labels
95%
how many members have siblings?7
85%
which member went to the U.S. to improve his dance?jungkook
82%
jimin's last name is?park
82%
who has small hands?jimin
81%
which member has a restaurant?jin
76%
what is jimin's hometown?busan
74%
which member is scared of microwave ovens?jungkook
74%
which member doesn't like sea food?rm
74%
who's bts' second visual?v
73%
which member doesn't like spicy food?v
73%
which member is a feature on an iu song?suga
71%
what's j-hope's real name?jung ho seok
70%
what's j-hope's blood type?a
69%
which member studies english most?jungkook
69%
what's bts' debut date?june 13 2013
68%
which member has perfect pitch?suga
66%
which american singer gave bts friendship bracelets?halsey
65%
what song garnered 101.2 million views in 1 day?dynamite
59%
what sport did j-hope play?tennis
55%
what job would v have if he wasn't in bts?farmer
54%
what's jungkook's birthday?september 1
51%
what does borahae translate to?i purple you
46%
what does the DT in agust d stand for?daegu town
43%
what does rm stand for?(not rap monster)real me
38%
what country did rm live in for 6 months?new zealand
34%
what does ARMY stand for?Adorable Representative MC for Youth
33%
which american celebrity wants to be bts' body guard?john cena
33%
what was suga's underground stage name?gloss
29%

Score Distribution

Percentile by Number Answered

Percent of People with Each Score

Your Score History

You have not taken this quiz